Central Library OPAC University of Rajshahi

University drama in the Tudor age / (Record no. 16296)

MARC details
000 -LEADER
fixed length control field 01036nam a2200289 4500
001 - CONTROL NUMBER
control field 16296
003 - CONTROL NUMBER IDENTIFIER
rucl marc code BD-RjUL
005 - DATE AND TIME OF LATEST TRANSACTION
control field 20211209000006.0
008 - FIXED-LENGTH DATA ELEMENTS--GENERAL INFORMATION
fixed length control field 140213r1914nyuh b 000 0 eng
035 ## - SYSTEM CONTROL NUMBER
System control number (BD-RjUL)16351
040 ## - CATALOGING SOURCE
Original cataloging agency DLC
Transcribing agency DLC
Modifying agency BD-RjUL
Language of cataloging eng
041 ## - LANGUAGE CODE
Language code of text/sound track or separate title eng
082 00 - DEWEY DECIMAL CLASSIFICATION NUMBER
Classification number 822.309
Author mark and year BOU 1914
100 1# - MAIN ENTRY--PERSONAL NAME
Personal name Boas, Frederick S.
Fuller form of name (Frederick Samuel),
Dates associated with a name 1862-1957.
9 (RLIN) 50386
245 10 - TITLE STATEMENT
Title University drama in the Tudor age /
Statement of responsibility, etc. by Frederick S. Boas.
260 ## - PUBLICATION, DISTRIBUTION, ETC. (IMPRINT)
Place of publication, distribution, etc. New York :
Name of publisher, distributor, etc. B. Blom ,
Date of publication, distribution, etc. 1914
300 ## - PHYSICAL DESCRIPTION
Pagination x, 414 p. :
Illustrations facsims. ;
Size 23 cm.
504 ## - BIBLIOGRAPHY, ETC. NOTE
Bibliography, etc Bibliographical footnotes.
600 30 - SUBJECT ADDED ENTRY--PERSONAL NAME
Personal name Tudor, House of.
650 #0 - SUBJECT ADDED ENTRY--TOPICAL TERM
Topical term or geographic name as entry element English drama
Chronological subdivision Early modern and Elizabethan, 1500-1600
General subdivision History and criticism.
9 (RLIN) 2066
Topical term or geographic name as entry element College and school drama, English
General subdivision History and criticism.
9 (RLIN) 50387
Topical term or geographic name as entry element Universities and colleges
Geographic subdivision England
General subdivision History
Chronological subdivision 16th century.
9 (RLIN) 50388
651 #0 - SUBJECT ADDED ENTRY--GEOGRAPHIC NAME
Geographic name Great Britain
General subdivision History
Chronological subdivision Tudors, 1485-1603.
9 (RLIN) 50389
942 ## - ADDED ENTRY ELEMENTS (KOHA)
Source of classification or shelving scheme Dewey Decimal Classification
Koha item type Books
Holdings
Lost status Source of classification or shelving scheme Damaged status Not for loan Collection code Permanent Location Current Location Shelving location Date acquired Source of acquisition Cost, normal purchase price Total Checkouts Full call number Date last seen Copy number Koha item type
  Dewey Decimal Classification   Not For Loan Non-fiction Central Library, University of Rajshahi Central Library, University of Rajshahi Reading Room 04/08/1955 O.U.P 12.80   822.309 BOU 1914 13/02/2014 C-1 Books